Los métodos de cálculo mental en el contexto educativo: un análisis en la formación de profesores

Збережено в:
Бібліографічні деталі
Автор: Gómez Alfonso, Bernardo (Автор)
Формат: Книга
Мова:Іспанська
Опубліковано: Granada Comares 1995
Серія:Colección Mathema, 3
Предмети:
Теги: Додати тег
Немає тегів, Будьте першим, хто поставить тег для цього запису!

MARC

LEADER 00000nam a2200000 a 4500
001 UCO6544
003 CL-VaPUC
008 001027e19950000SP |||||||||||||||||spa|d
082 0 4 |a 372.19  |b GOM  |2 21 
100 0 |a Gómez Alfonso, Bernardo  |e author  |9 451258 
245 1 4 |a Los métodos de cálculo mental en el contexto educativo: un análisis en la formación de profesores 
300 |a 281 p 
942 |c BK 
945 |d 20001027 00:00:00  |a vberengu 
260 |a Granada  |b Comares  |c 1995 
650 7 |a CALCULO MENTAL  |2 CL-VaPUC  |9 451259 
650 7 |a FORMACION DE PROFESIONALES  |2 CL-VaPUC  |9 382872 
650 7 |a MATERIAS DEL CURRICULO  |2 CL-VaPUC  |9 362159 
583 |a last modification  |c 20001027 00:00:00  |k Rodrigo Vera 
490 0 |a Colección Mathema, 3 
999 |c 292032  |d 292030 
952 |0 0  |1 0  |4 0  |6 372_190000000000000_GOM_1995  |7 0  |8 A  |9 342536  |a BIBEDU  |b BIBEDU  |d 2019-11-20  |i 3661229  |o 372.19 GOM 1995  |p 3661229  |r 2019-11-20  |w 2019-11-20  |y BK  |k BME